Statistics for British soap operas

Click here to take the quiz!

General Stats

  • This quiz has been taken 347 times
  • The average score is 11 of 21

Answer Stats

Broadcast dates/ChannelAnswer% Correct
9th December 1960 - Present - ITVCoronation Street
97%
19th February 1985 - Present - BBC1EastEnders
97%
16th October 1972 - Present - ITVEmmerdale
92%
23rd October 1995 - Present - Channel 4Hollyoaks
86%
2nd November 1982 - 4th November 2003 - Channel 4Brookside
78%
26th March 2000 - Present - BBC1Doctors
78%
1st January 1951 - Present - Radio 4The Archers
72%
6th September 1986 - Present - BBC1Casualty
70%
2nd November 1964 - 4th April 1988 & 5th March 2001 - 30th May 2003 - ITVCrossroads
67%
12th January 1999 - Present - BBC1Holby City
65%
6th July 1992 - 9th July 1993 - BBC1Eldorado
52%
16th October 1984 - 31st August 2010 - ITVThe Bill
50%
19th February 1980 - 27th April 2003 - ITVTake The High Road
37%
30th March 1997 - 30th December 2005 - Channel 5Family Affairs
36%
30th August 1985 - 24th August 1986 - ITVAlbion Market
29%
24th September 2002 - Present - BBC1 ScotlandRiver City
22%
16th October 1974 - Present - BBC Wales/S4CPobol Y Cwm
16%
24th November 2008 - 11th October 2013 - E4Hollyoaks Later
14%
6th November 2001 - 5th June 2003 - ITVNight and Day
14%
23rd April 1990 - 24th August 1993 - ITVFamilies
9%
1st September 1985 - 25th November 1990 - BBC1Howard's Way
8%

Score Distribution

Percentile by Number Answered

Percent of People with Each Score

Your Score History

You have not taken this quiz